Por los senderos de la ciencia / (Record no. 35993)

MARC details
000 -LEADER
campo de control de longitud fija 00531nam a2200169 i 4500
001 - NÚMERO DE CONTROL
campo de control 35993
003 - IDENTIFICADOR DE NÚMERO DE CONTROL
campo de control ES-MaACL
005 - FECHA Y HORA DE LA ÚLTIMA TRANSACCIÓN
campo de control 20230906155252.0
007 - CAMPO FIJO DE DESCRIPCIÓN FÍSICA--INFORMACIÓN GENERAL
campo de control de longitud fija t|
008 - DATOS DE LONGITUD FIJA--INFORMACIÓN GENERAL
campo de control de longitud fija 030214s1963 sp ||||1| spa d
100 1# - ENTRADA PRINCIPAL--NOMBRE DE PERSONA
Nombre de persona Broglie, Louis de.
9 (RLIN) 149861
245 10 - MENCIÓN DEL TÍTULO
Título Por los senderos de la ciencia /
Mención de responsabilidad, etc. Louis de Broglie ; traducción del francés por Guillermo Sans Huelin.
260 ## - PUBLICACIÓN, DISTRIBUCIÓN, ETC.
Lugar de publicación, distribución, etc. Madrid :
Nombre del editor, distribuidor, etc. Espasa-Calpe,
Fecha de publicación, distribución, etc. 1963.
300 ## - DESCRIPCIÓN FÍSICA
Extensión 342 p. ;
Dimensiones 21 cm.
700 1# - ENTRADA AGREGADA--NOMBRE PERSONAL
Nombre de persona Sans Huelin, Guillermo.
9 (RLIN) 103207
852 ## - LOCALIZACIÓN
Ubicación ES-MaACL
Número de control de estantería C-22915
Sublocalización o colección R.51663
Holdings
Estatus retirado Estado de pérdida Estado de daño No para préstamo Biblioteca de origen Biblioteca actual Ubicación en estantería Fecha de adquisición Fuente de adquisición Total de préstamos Signatura topográfica completa Código de barras Visto por última vez Precio de reemplazo Tipo de ítem Koha
        Biblioteca del Ateneo de Madrid Biblioteca del Ateneo de Madrid Depósito 2 17/01/2008     C-22915 1037735 23/02/2023 23/02/2023 Libro impreso